VYUŽITÍ METODY CARD-FISH PRO STUDIUM SLOŽENÍ MIKROBIÁLNÍHO SPOLEČENSTVA

Bibliographic Details
Main Authors: Kahounová, Ľudmila (Author), Chroňáková, Alica (Author), Frouz, Jan (Author), Krištůfek, Václav (Author)
Format: Article
Language:Slovak
Czech

MARC

LEADER 00000nab a2200000 a 4500
001 vtls010727984
003 SK-MaSNL
005 20260304193823.0
008 250709s2010 xo |||||||||||||||||slo|
035 |a (urnnbn)urn:nbn:sk:snk:ar-a051l5 
035 |a (uuid)c0c5fef5-3e69-4ded-89d7-ed600a9cb814 
035 |a urn:nbn:sk:snk-ab3rbm 
040 |a SNKBUCL  |b slo  |c SNKBUCL  |e AACR2 
041 0 |a cze 
044 |a xo  |c SK 
100 1 |a Kahounová, Ľudmila  |4 aut  |9 1524692 
245 1 0 |a VYUŽITÍ METODY CARD-FISH PRO STUDIUM SLOŽENÍ MIKROBIÁLNÍHO SPOLEČENSTVA  |c Ľudmila Kahounová, Alica Chroňáková, Jan Frouz, Václav Krištůfek 
700 1 |a Chroňáková, Alica  |4 aut  |9 719149 
700 1 |a Frouz, Jan  |4 aut  |9 756039 
700 1 |a Krištůfek, Václav  |4 aut  |9 719148 
773 0 |t Phytopedon (Bratislava) : journal of soil science  |g Roč. 9, č. 1 (2010), s. 6-12 
850 |a Slovenská národná knižnica 
852 |a Slovenská národná knižnica 
958 |a article1 
958 |a OND 
958 |a EUIPO 
999 |c 3069578  |d 3071508